| 000 | 00557nam a2200193 4500 | ||
|---|---|---|---|
| 999 |
_c196698 _d196698 |
||
| 005 | 20230720154602.0 | ||
| 010 | _aENG-137503 | ||
| 020 |
_a9788190863391 _c1500.00 |
||
| 035 | _aEN-121035 | ||
| 037 | _bDBAD/PUB | ||
| 082 | _aDup | ||
| 100 | _aMarappan, V. | ||
| 245 |
_aHuman Rights- Victims And Rehabilitation/ _bV. Marappan [and] J.Devakumar |
||
| 260 |
_aChennai _bMangala Publications |
||
| 270 |
_aRazack Garden Main Road, Arumbakkam _bChennai _e106 |
||
| 300 |
_a876p. _c25cm(pbk) |
||
| 700 | _aDevakumar, J. | ||
| 942 |
_2ddc _cEN _hDUP _mBooks |
||